000 01207nam a2200229Ia 4500
001 L246-14276
003 IT-CnALBA
008 170116s9999||||xx |||||||||||||| ||und||
040 _aIT-CnALBA
_cIT-CnALBA
041 _aITALIANO
100 _aVACCHINI FRANCESCO, DOTT.
245 0 _aAULA SANCTA CONCILII.
250 _a1a ed.
260 _a ROMA
_bVATICANA - LIBR. EDITR. POLIGL.
_c1968 [1° Ed.:1968 - Ed.Ling.Originale: 1968]
300 _a94 p. (prefazione: 5)
500 _aPRESENTAZIONE PERICLE FELICE. ILLUSTRAZIONI FUORI TESTO A COLORI, BIANCO E NERO. SCHIZZI E DISEGNI. A CURA DELLA SEGRETERIA DEL CONCILIO. DATI TECNICI DELL'AULA. IMPIANTO ELETTRICO, SONORO, REGISTRAZIONE, TELEVISIVO, MECCANOGRAFICO. SERVIZI, DITTE COSTRUT
501 _aSocietà San Paolo EM - Piazza San Paolo, 14 - 12051 ALBA (CN) (non commercial uses only) ® Copyright 2017
520 _aPRESENTAZIONE PERICLE FELICE. ILLUSTRAZIONI FUORI TESTO A COLORI, BIANCO E NERO. SCHIZZI E DISEGNI. A CURA DELLA SEGRETERIA DEL CONCILIO. DATI TECNICI DELL'AULA. IMPIANTO ELETTRICO, SONORO, REGISTRAZIONE, TELEVISIVO, MECCANOGRAFICO. SERVIZI, DITTE COSTRUT
650 _aARTE CRISTIANA
942 _cBK
957 _71
999 _a19028
_bNO
_g Copie: 1
_c273450
_d273450